=LDR 00000nam 2200000 4500 =001 INLIS000000000037183 =005 20160411110503.0 =006 =007 =008 Ind =035 ##$$0010-061300000037183 =041 ##$$a Ind =082 ##$$a 745.594 2 =090 ##$$a 745.594 2, Woo s =100 ##$$a Wood, Dorothy =245 ##$$a Step by step wire jewellery, 18 kreasi perhiasan dari kawat, Dorothy Wood ; alih bahasa, Catharine Kanggidinata =260 ##$$a 2009 $b Jakarta =300 ##$$a 93 hlm, ilus, 30 cm =650 ##$$a Kerajinan kawat =700 ##$$a Konggidinata, Catharine =850 ##$$a NBPNMAT =990 ##$$a 0001/BPAP-NTB/2016